000
00330nam a22001457a 4500
003
OSt
005
20160727222403.0
008
160623b xxu||||| |||| 00| 0 eng d
040
_c
TEST
100
_9
741
_a
Carlson, D
245
_a
Callme Amanda
260
_a
NEW YORK
_b
E.P.DUTTON
_c
1981
300
_a
Callme Amanda
942
_2
ddc
_c
BK
999
_c
599
_d
599